000
00371nam a22001457a 4500
008
230228b |||||||| |||| 00| 0 eng d
020
_a
978-1-847-92367-7
082
_a
616.99
100
_a
Paul Kalanithi
245
_a
When Breath Becomes Air
260
_b
The Bodley Head,
_c
2021
300
_a
228 p.
_c
20.5 cm
942
_2
ddc
999
_c
9372
_d
9373